000 00830nam a2200301Ia 4500
001 11035
003 IT-RoPAU
008 130308s9999 xx 000 0 und d
040 _aIT-RoPAU
040 _cIT-RoPAU
041 _aINGLESE
100 _aSorensen Holger Steen
100 _gCodice Aut. SPICS: 2488
245 _aOn the Logic of classes and Relations in Linguistics
245 _bRecherches Sur Les Systemes Signifiants
250 _a1a ed.
260 _aPARIS
260 _bMouton
260 _c1973 [1° Ed.:1973 - Ed.Ling.Originale:1968]
300 _a"1 p. (prefazione: no ; testo: 1 [pagine: 259-259])"
500 _aLogica delle Classi e relazioni in Linguistica
650 _aSEMIOLOGIA
650 _eCodice materia Spics: 3251
942 _cBK
957 _71
999 _c40973
_d40973
999 _bSI
999 _g1